[Event "Veneto-ch qf 79th"]
[Site "Padova"]
[Date "2020.02.21"]
[Round "1.8"]
[White "Scagliarini, Lara"]
[Black "Vancini, Edoardo"]
[Result "0-1"]
[WhiteElo "1915"]
[BlackElo "2232"]
[PlyCount "76"]
[EventDate "2020.02.21"]
[EventType "swiss"]
[EventRounds "3"]
[EventCountry "ITA"]
[SourceTitle "EXT 2024"]
[Source "ChessBase"]
[SourceDate "2023.10.10"]
[SourceVersion "1"]
[SourceVersionDate "2023.10.10"]
[SourceQuality "1"]

1. e4 c5 2. Nf3 e6 3. d3 Nc6 4. g3 g6 5. Bg2 Bg7 6. 0-0 Nge7 7. Nbd2 0-0 8. Re1 d6 9. c3 e5 10. h4 Bg4 11. Nf1 h6 12. Ne3 Be6 13. h5 Qd7 14. Nh2 Kh7 15. Qe2 Rae8 16. Bd2 Ng8 17. a4 Nf6 18. g4 Na5 19. Bf3 Nb3 20. Ra3 Nxd2 21. Qxd2 Kh8 22. c4 Nh7 23. Bg2 Ng5 24. Qe2 Bf6 25. Nd5 Bxd5 26. cxd5 gxh5 27. gxh5 Nh3+ 28. Kh1 Nf4 29. Qg4 Qe7 30. Qf5 Rg8 31. Bh3 Rg5 32. Qd7 Reg8 33. Qxe7 Bxe7 34. d4 Rxh5 35. Ree3 cxd4 36. Rf3 d3 37. Bd7 d2 38. Ra1 Rg2 0-1

[Event "ITA-chT 48th"]
[Site "Civitanova Marche"]
[Date "2016.04.30"]
[Round "5"]
[White "Gallucci, Alessio"]
[Black "Vancini, Edoardo"]
[Result "1-0"]
[WhiteElo "2119"]
[BlackElo "2279"]
[PlyCount "67"]
[EventDate "2016.04.27"]
[EventType "team-swiss"]
[EventRounds "7"]
[EventCountry "ITA"]
[SourceTitle "EXT 2018"]
[Source "ChessBase"]
[SourceDate "2017.10.13"]
[SourceVersion "1"]
[SourceVersionDate "2017.10.13"]
[SourceQuality "1"]
[WhiteTeam "Torino"]
[BlackTeam "Bologna"]
[WhiteTeamCountry "ITA"]
[BlackTeamCountry "ITA"]

1. d4 e6 2. Nf3 c5 3. e3 Nf6 4. c4 d5 5. Nc3 Nc6 6. Be2 dxc4 7. Bxc4 a6 8. a3 b5 9. Ba2 cxd4 10. exd4 b4 11. Ne2 Be7 12. 0-0 0-0 13. Re1 Bb7 14. Nf4 Na5 15. Bd2 Bxf3 16. Qxf3 Qxd4 17. Be3 Qxb2 18. axb4 Qxb4 19. Reb1 Qc3 20. Rc1 Qe5 21. Bb6 Rac8 22. Re1 Qb5 23. Bxa5 Qxa5 24. Bxe6 Qb4 25. Bxc8 Rxc8 26. Rab1 Qd6 27. Rbd1 Qb4 28. Nd3 Qa3 29. Qb7 Re8 30. Ne5 Qa2 31. Nd7 Nxd7 32. Rxd7 Kf8 33. Rdxe7 Rd8 34. g3 1-0

[Event "ITA-chT 47th"]
[Site "Civitanova Marche"]
[Date "2015.05.01"]
[Round "4.5"]
[White "Ferro, Mario"]
[Black "Vancini, Edoardo"]
[Result "1/2-1/2"]
[WhiteElo "2285"]
[BlackElo "2274"]
[PlyCount "38"]
[EventDate "2015.04.29"]
[EventType "team-swiss"]
[EventRounds "7"]
[EventCountry "ITA"]
[SourceTitle "CBM 166 Extra"]
[Source "ChessBase"]
[SourceDate "2015.06.18"]
[SourceVersion "1"]
[SourceVersionDate "2015.06.18"]
[SourceQuality "1"]
[WhiteTeam "Palermo"]
[BlackTeam "Bologna"]
[WhiteTeamCountry "ITA"]
[BlackTeamCountry "ITA"]

1. d4 f5 2. Nf3 Nf6 3. g3 e6 4. Bg2 d5 5. Bf4 Be7 6. Qc1 0-0 7. c4 Nc6 8. 0-0 Ne4 9. Nc3 g5 10. Be3 Bf6 11. Rd1 h6 12. Ne1 Ne7 13. Nxe4 fxe4 14. f3 exf3 15. Nxf3 Nf5 16. Bf2 Nd6 17. Nd2 Nf5 18. Nf3 Nd6 19. Nd2 Nf5 1/2-1/2

[Event "ITA-chT 47th"]
[Site "Civitanova Marche"]
[Date "2015.04.29"]
[Round "2.5"]
[White "Vancini, Edoardo"]
[Black "Ricci, Marco"]
[Result "1-0"]
[WhiteElo "2274"]
[BlackElo "2056"]
[PlyCount "75"]
[EventDate "2015.04.29"]
[EventType "team-swiss"]
[EventRounds "7"]
[EventCountry "ITA"]
[SourceTitle "CBM 166 Extra"]
[Source "ChessBase"]
[SourceDate "2015.06.18"]
[SourceVersion "1"]
[SourceVersionDate "2015.06.18"]
[SourceQuality "1"]
[WhiteTeam "Bologna"]
[BlackTeam "Milano"]
[WhiteTeamCountry "ITA"]
[BlackTeamCountry "ITA"]

1. d4 Nf6 2. Bg5 d5 3. Bxf6 exf6 4. e3 c6 5. g3 Bd6 6. Bg2 0-0 7. Ne2 Qb6 8. b3 Bf5 9. 0-0 Na6 10. a3 Qd8 11. c4 Nc7 12. Nbc3 Be6 13. Qd3 Qd7 14. Rfe1 Rfe8 15. cxd5 cxd5 16. b4 Bf8 17. Nf4 Rad8 18. Qd1 h6 19. Qb3 g5 20. Nd3 b6 21. b5 Bg7 22. a4 Bf5 23. Nb4 Be6 24. Rec1 Bf8 25. Nc6 Ra8 26. a5 Rec8 27. Bf1 Kg7 28. axb6 axb6 29. Na4 Rcb8 30. Nxb8 Rxb8 31. Rc6 Na8 32. Bg2 Bd6 33. Bxd5 h5 34. Bxe6 fxe6 35. Nc3 Bc7 36. Ra7 Kf7 37. Qc4 Rc8 38. Rxa8 1-0

[Event "ITA-chT 46th"]
[Site "Condino"]
[Date "2014.05.04"]
[Round "7.6"]
[White "Vancini, Edoardo"]
[Black "Paltrinieri, Nicholas"]
[Result "1-0"]
[WhiteElo "2269"]
[BlackElo "2215"]
[PlyCount "101"]
[EventDate "2014.04.30"]
[EventType "team-swiss"]
[EventRounds "7"]
[EventCountry "ITA"]
[SourceTitle "CBM 160 Extra"]
[Source "ChessBase"]
[SourceDate "2014.07.01"]
[SourceVersion "1"]
[SourceVersionDate "2014.07.01"]
[SourceQuality "1"]
[WhiteTeam "Bologna Le Due Torri"]
[BlackTeam "Augusta Perusia"]
[WhiteTeamCountry "ITA"]
[BlackTeamCountry "ITA"]

1. d4 e6 2. g3 f5 3. Bg2 Nf6 4. Nd2 Nc6 5. c3 d6 6. e4 e5 7. exf5 exd4 8. cxd4 Bxf5 9. Ne2 d5 10. a3 Be7 11. Nf3 0-0 12. 0-0 Ne4 13. Be3 a5 14. Rc1 Qd7 15. Nd2 Nxd2 16. Qxd2 Nd8 17. Nc3 c6 18. Na4 Qe6 19. Bf4 Nf7 20. Nc5 Bxc5 21. Rxc5 Qf6 22. Re1 h6 23. Be5 Nxe5 24. Rxe5 Rae8 25. f4 b6 26. Rxc6 Qxc6 27. Bxd5+ Qxd5 28. Rxd5 Rc8 29. Qd1 Rf7 30. Re5 g6 31. Qe1 Kf8 32. Re3 Rd7 33. g4 Bxg4 34. Qh4 Bf5 35. Qf6+ Kg8 36. Qxb6 Rcd8 37. b4 axb4 38. axb4 Rxd4 39. Re8+ Rxe8 40. Qxd4 Kf7 41. b5 Re7 42. b6 Be4 43. Kf2 Kg8 44. Qf6 Re8 45. b7 Bxb7 46. Qxg6+ Kf8 47. Qxh6+ Kg8 48. Qg6+ Kf8 49. Qf6+ Kg8 50. h4 Be4 51. h5 1-0

[Event "ITA-chT A1.2"]
[Site "Arzignano"]
[Date "2013.03.15"]
[Round "1"]
[White "Frigieri, Fabrizio"]
[Black "Vancini, Edoardo"]
[Result "1-0"]
[WhiteElo "2126"]
[BlackElo "2263"]
[PlyCount "61"]
[EventDate "2013.03.15"]
[EventType "team"]
[EventRounds "5"]
[EventCountry "ITA"]
[SourceTitle "EXT 2014"]
[Source "ChessBase"]
[SourceDate "2013.11.20"]
[SourceVersion "1"]
[SourceVersionDate "2013.11.20"]
[SourceQuality "1"]

1. e4 c5 2. Nf3 e6 3. d4 cxd4 4. Nxd4 Nc6 5. Nc3 Qc7 6. Be3 a6 7. Bd3 Nf6 8. 0-0 Ne5 9. Nf3 Nfg4 10. Nxe5 Nxe3 11. Qh5 g6 12. Qf3 Qxe5 13. fxe3 f6 14. Qxf6 Qxf6 15. Rxf6 Bg7 16. Rf3 b5 17. Raf1 Rb8 18. Rf7 Be5 19. Nd1 Rb6 20. R7f3 Bb7 21. b3 Bc6 22. Nf2 d6 23. Ng4 Bg7 24. Nf6+ Kd8 25. Rh3 h6 26. e5 dxe5 27. Bxg6 Bf8 28. Ng4 Rg8 29. Nxe5 Bxg2 30. Kxg2 Bg7 31. Bf7 1-0

[Event "Bratto op-A 28th"]
[Site "Bratto"]
[Date "2008.08.24"]
[Round "3"]
[White "Vancini, Edoardo"]
[Black "Bernardi, Ruben"]
[Result "1-0"]
[WhiteElo "2273"]
[BlackElo "2140"]
[PlyCount "55"]
[EventDate "2008.08.22"]
[EventType "swiss"]
[EventRounds "9"]
[EventCountry "ITA"]
[SourceTitle "CBM 126 Extra"]
[Source "ChessBase"]
[SourceDate "2008.11.05"]
[SourceVersion "1"]
[SourceVersionDate "2008.11.05"]
[SourceQuality "1"]

1. d4 d5 2. Nf3 c6 3. c4 a6 4. c5 Nf6 5. Nc3 Nbd7 6. Bf4 Nh5 7. Bg5 h6 8. Bd2 Nhf6 9. Bf4 Nh5 10. Be5 Nxe5 11. Nxe5 Nf6 12. e3 Be6 13. Bd3 Nd7 14. Ng6 Rg8 15. Nf4 Nf6 16. Nxe6 fxe6 17. Bg6+ Kd7 18. 0-0 Qc7 19. Na4 Re8 20. Nb6+ Kd8 21. f4 Rh8 22. b4 h5 23. a4 Rh6 24. Qd3 Ne4 25. Bxe4 dxe4 26. Qxe4 Rf6 27. b5 g6 28. Qd3 1-0

[Event "Bratto op-A 28th"]
[Site "Bratto"]
[Date "2008.08.23"]
[Round "2"]
[White "Vancini, Edoardo"]
[Black "Galli, Fabio"]
[Result "1/2-1/2"]
[WhiteElo "2273"]
[BlackElo "2070"]
[PlyCount "67"]
[EventDate "2008.08.22"]
[EventType "swiss"]
[EventRounds "9"]
[EventCountry "ITA"]
[SourceTitle "CBM 126 Extra"]
[Source "ChessBase"]
[SourceDate "2008.11.05"]
[SourceVersion "1"]
[SourceVersionDate "2008.11.05"]
[SourceQuality "1"]

1. e4 d6 2. d4 e5 3. dxe5 dxe5 4. Qxd8+ Kxd8 5. Bc4 f6 6. Be3 Nd7 7. Nd2 c6 8. a4 Bc5 9. Nf1 Bxe3 10. Nxe3 Nc5 11. f3 Ne7 12. Ne2 Be6 13. f4 Kc7 14. 0-0 Rhf8 15. Bxe6 Nxe6 16. fxe5 fxe5 17. Nc4 Ng6 18. Rf5 Nd4 19. Nxd4 exd4 20. Raf1 Rae8 21. Rf7+ Rxf7 22. Rxf7+ Re7 23. Rxe7+ Nxe7 24. Kf2 c5 25. Kf3 Kd7 26. e5 Ke6 27. Ke4 Nc6 28. Nd6 b6 29. Ne8 g5 30. Nc7+ Kd7 31. Nd5 Ke6 32. Nc7+ Kd7 33. Nd5 Ke6 34. Nc7+ 1/2-1/2

[Event "Bratto op-A 28th"]
[Site "Bratto"]
[Date "2008.08.22"]
[Round "1"]
[White "Pegoraro, Nicola"]
[Black "Vancini, Edoardo"]
[Result "1-0"]
[WhiteElo "2021"]
[BlackElo "2273"]
[PlyCount "95"]
[EventDate "2008.08.22"]
[EventType "swiss"]
[EventRounds "9"]
[EventCountry "ITA"]
[SourceTitle "CBM 126 Extra"]
[Source "ChessBase"]
[SourceDate "2008.11.05"]
[SourceVersion "1"]
[SourceVersionDate "2008.11.05"]
[SourceQuality "1"]

1. e4 c5 2. Nf3 e6 3. d4 cxd4 4. Nxd4 Nc6 5. Be2 Qc7 6. Nc3 a6 7. Be3 Nf6 8. 0-0 Bb4 9. Nxc6 bxc6 10. f4 Bxc3 11. bxc3 Nxe4 12. Bf3 Nd6 13. Rb1 Rb8 14. Rxb8 Qxb8 15. Bc5 Nf5 16. g4 Qb5 17. Bf2 Ne7 18. Qd6 Bb7 19. Rd1 c5 20. Bxc5 Nc8 21. Qc7 d6 22. Bxb7 0-0 23. Bf2 Qe2 24. Rd3 Qxc2 25. Rg3 Qc1+ 26. Kg2 Qxf4 27. Be3 Qe5 28. Bxc8 Qe4+ 29. Kf2 f5 30. Qxd6 fxg4+ 31. Ke2 Rxc8 32. Qd4 Qc2+ 33. Bd2 h5 34. h3 Qxa2 35. hxg4 h4 36. Rh3 Rf8 37. Rxh4 Qb1 38. Be1 Qb7 39. Qe3 Qb5+ 40. Qd3 Qe5+ 41. Kd1 Qb8 42. Kc2 Rd8 43. Qh7+ Kf7 44. Qh5+ Kg8 45. g5 Qd6 46. Qh7+ Kf7 47. Rd4 Qf8 48. Rf4+ 1-0

[Event "Bologna Pasqua 1st"]
[Site "Bologna"]
[Date "2008.03.24"]
[Round "9"]
[White "Ronchetti, Niccolo"]
[Black "Vancini, Edoardo"]
[Result "1/2-1/2"]
[WhiteElo "2431"]
[BlackElo "2277"]
[PlyCount "25"]
[EventDate "2008.03.20"]
[EventType "tourn"]
[EventRounds "9"]
[EventCountry "ITA"]
[EventCategory "4"]
[SourceTitle "CBM 123 Extra"]
[Source "ChessBase"]
[SourceDate "2008.05.06"]
[SourceVersion "1"]
[SourceVersionDate "2008.05.06"]
[SourceQuality "1"]

1. e4 c5 2. Nf3 e6 3. c3 Nf6 4. e5 Nd5 5. d4 cxd4 6. cxd4 d6 7. Bc4 Nc6 8. 0-0 Be7 9. exd6 Qxd6 10. Re1 0-0 11. Nc3 a6 12. Bb3 Rd8 13. Ne4 1/2-1/2

[Event "Bologna Pasqua 1st"]
[Site "Bologna"]
[Date "2008.03.22"]
[Round "5"]
[White "Martinez, Rolly"]
[Black "Vancini, Edoardo"]
[Result "1-0"]
[WhiteElo "2447"]
[BlackElo "2277"]
[PlyCount "77"]
[EventDate "2008.03.20"]
[EventType "tourn"]
[EventRounds "9"]
[EventCountry "ITA"]
[EventCategory "4"]
[SourceTitle "CBM 123 Extra"]
[Source "ChessBase"]
[SourceDate "2008.05.06"]
[SourceVersion "1"]
[SourceVersionDate "2008.05.06"]
[SourceQuality "1"]

1. e4 c5 2. Nf3 e6 3. c3 Nf6 4. e5 Nd5 5. d4 cxd4 6. cxd4 d6 7. Bc4 Nc6 8. 0-0 Be7 9. Qe2 0-0 10. Qe4 Qc7 11. a3 Rd8 12. Bg5 dxe5 13. Bxe7 Ndxe7 14. dxe5 Ng6 15. Nbd2 Ncxe5 16. Rac1 Nxf3+ 17. Nxf3 Qf4 18. Bd3 Rb8 19. g3 Qf6 20. h4 Qxb2 21. h5 f5 22. Qe3 Qb6 23. Qg5 Rxd3 24. hxg6 h6 25. Qe7 Bd7 26. Ne5 Rxg3+ 27. Kh2 Rg5 28. Qf7+ Kh8 29. Qxd7 Rh5+ 30. Kg2 Rg5+ 31. Kf3 Qb3+ 32. Kf4 Rxg6 33. Nxg6+ Kh7 34. Rg1 Qxa3 35. Ne5 Rg8 36. Rc7 Qb4+ 37. Nc4 Qf8 38. Qxe6 Qb8 39. Qe5 1-0

[Event "Gorgonzola op-A 12th"]
[Site "Gorgonzola"]
[Date "2007.11.17"]
[Round "4"]
[White "Vancini, Edoardo"]
[Black "Scalcione, Michelangelo"]
[Result "0-1"]
[WhiteElo "2290"]
[BlackElo "2357"]
[PlyCount "88"]
[EventDate "2007.11.10"]
[EventType "swiss"]
[EventRounds "6"]
[EventCountry "ITA"]
[SourceTitle "EXT 2010"]
[Source "ChessBase"]
[SourceDate "2010.11.25"]
[SourceVersion "1"]
[SourceVersionDate "2010.11.25"]
[SourceQuality "1"]

1. c4 c5 2. g3 Nc6 3. Bg2 g6 4. Nc3 Bg7 5. a3 Nh6 6. e4 f5 7. d3 fxe4 8. dxe4 Nf7 9. h4 Bxc3+ 10. bxc3 Qa5 11. Ne2 b6 12. f4 Ba6 13. Qd3 Nd6 14. e5 Bxc4 15. Qf3 Nf5 16. Bd2 Qb5 17. Ng1 Qb2 18. Rd1 Qxa3 19. Nh3 0-0 20. h5 Qb3 21. Ng5 Nxe5 22. fxe5 Nd4 23. cxd4 Rxf3 24. Bxf3 Rf8 25. Rc1 Rxf3 26. Rxc4 Rxg3 27. Rc1 Rxg5 28. Bxg5 Qg3+ 29. Ke2 Qxg5 30. Rcg1 Qf5 31. hxg6 hxg6 32. dxc5 Qxe5+ 33. Kd3 Qf5+ 34. Kd2 bxc5 35. Rb1 Qf2+ 36. Kd3 d5 37. Rb8+ Kf7 38. Rhh8 c4+ 39. Kc3 Qe3+ 40. Kb4 Ke6 41. Rhg8 Qd3 42. Rgc8 Ke5 43. Rb5 Qb3+ 44. Kc5 Qa3+ 0-1

[Event "Gorgonzola op-A 12th"]
[Site "Gorgonzola"]
[Date "2007.11.11"]
[Round "2"]
[White "Vancini, Edoardo"]
[Black "Bemporad, Filippo"]
[Result "1-0"]
[WhiteElo "2290"]
[BlackElo "2082"]
[PlyCount "77"]
[EventDate "2007.11.10"]
[EventType "swiss"]
[EventRounds "6"]
[EventCountry "ITA"]
[SourceTitle "EXT 2010"]
[Source "ChessBase"]
[SourceDate "2010.11.25"]
[SourceVersion "1"]
[SourceVersionDate "2010.11.25"]
[SourceQuality "1"]

1. c4 c6 2. Nf3 d5 3. g3 Nf6 4. Bg2 g6 5. b3 Bg7 6. Bb2 0-0 7. 0-0 b6 8. d4 Bb7 9. Nc3 Nbd7 10. Qc2 c5 11. cxd5 Nxd5 12. Nxd5 Bxd5 13. dxc5 Bxb2 14. Qxb2 bxc5 15. Rfd1 e6 16. e4 Bc6 17. Rd6 Qc7 18. Rad1 Rae8 19. h4 Re7 20. Qd2 Nf6 21. Qf4 Nxe4 22. Rxc6 Qxc6 23. Ne5 Qc7 24. Qxe4 Rd8 25. Rxd8+ Qxd8 26. Qf4 Qd4 27. Qg5 Rc7 28. h5 c4 29. hxg6 hxg6 30. Nxc4 Rc5 31. Qe3 Qa1+ 32. Bf1 Rd5 33. Qxa7 Rd1 34. Ne3 Rd2 35. a4 Qa2 36. Qb8+ Kg7 37. Ng4 Rb2 38. Qf4 Qxb3 39. Qh6+ 1-0

[Event "Venice Autumn op 13th"]
[Site "Venice"]
[Date "2007.11.04"]
[Round "5"]
[White "Vancini, Edoardo"]
[Black "Gallo, Enrico"]
[Result "1-0"]
[WhiteElo "2290"]
[BlackElo "2077"]
[PlyCount "67"]
[EventDate "2007.11.01"]
[EventType "swiss"]
[EventRounds "6"]
[EventCountry "ITA"]
[SourceTitle "EXT 2008"]
[Source "ChessBase"]
[SourceDate "2007.11.25"]
[SourceVersion "1"]
[SourceVersionDate "2007.11.25"]
[SourceQuality "1"]

1. d4 d5 2. Nf3 Nf6 3. e3 Bf5 4. c4 Bxb1 5. Rxb1 e6 6. Qb3 Qc8 7. cxd5 exd5 8. Bd2 Nbd7 9. Rc1 c6 10. Bd3 Qc7 11. 0-0 a5 12. Ne5 Bd6 13. f4 0-0 14. Qc2 Rfe8 15. Rf3 Nf8 16. Rh3 Ne4 17. Bxe4 dxe4 18. Nc4 Bb4 19. Rh5 Nd7 20. a3 g6 21. axb4 gxh5 22. bxa5 Nf6 23. Bb4 Rad8 24. Bc5 Nd5 25. Qe2 Kh8 26. Qxh5 Rg8 27. Qf5 Rde8 28. Bd6 Qd8 29. Ne5 Rxe5 30. fxe5 Rxg2+ 31. Kh1 Qh4 32. e6 Rf2 33. Qxf7 Nf6 34. Qf8+ 1-0

[Event "Venice Autumn op 13th"]
[Site "Venice"]
[Date "2007.11.02"]
[Round "3"]
[White "Kitchlew, Andrew"]
[Black "Vancini, Edoardo"]
[Result "1-0"]
[WhiteElo "2097"]
[BlackElo "2290"]
[PlyCount "69"]
[EventDate "2007.11.01"]
[EventType "swiss"]
[EventRounds "6"]
[EventCountry "ITA"]
[SourceTitle "EXT 2008"]
[Source "ChessBase"]
[SourceDate "2007.11.25"]
[SourceVersion "1"]
[SourceVersionDate "2007.11.25"]
[SourceQuality "1"]

1. Nf3 c5 2. e3 Nf6 3. d4 g6 4. d5 Bg7 5. c4 d6 6. Nc3 0-0 7. Bd3 e6 8. dxe6 Bxe6 9. e4 Nc6 10. 0-0 h6 11. Re1 Nh5 12. Rb1 a6 13. Be3 Qf6 14. Qd2 g5 15. Nd5 Bxd5 16. exd5 Nb4 17. a3 Nxd3 18. Qxd3 Rfe8 19. h3 Nf4 20. Bxf4 Qxf4 21. Qb3 h5 22. g3 Qf5 23. Kg2 Rab8 24. Qb6 g4 25. hxg4 hxg4 26. Nh4 Qd7 27. b4 Bd4 28. bxc5 Bxc5 29. Qb2 Rxe1 30. Rxe1 Re8 31. Nf5 f6 32. Rxe8+ Qxe8 33. Qxf6 Qe4+ 34. Kh2 Qe5 35. Ne7+ 1-0

[Event "Corsico FIDE"]
[Site "Corsico"]
[Date "2007.10.14"]
[Round "7"]
[White "Vancini, Edoardo"]
[Black "Sbarra, Marco"]
[Result "1-0"]
[WhiteElo "2290"]
[BlackElo "2220"]
[PlyCount "62"]
[EventDate "2007.10.06"]
[EventType "swiss"]
[EventRounds "7"]
[EventCountry "ITA"]
[SourceTitle "CBM 120 Extra"]
[Source "ChessBase"]
[SourceDate "2007.11.01"]
[SourceVersion "1"]
[SourceVersionDate "2007.11.01"]
[SourceQuality "1"]

1. c4 e6 2. Nf3 d5 3. g3 c5 4. Bg2 Nc6 5. 0-0 Nf6 6. b3 Be7 7. e3 0-0 8. Bb2 b6 9. Nc3 Bb7 10. cxd5 Nxd5 11. Nxd5 Qxd5 12. d4 Rad8 13. Ne5 Qd6 14. Nxc6 Bxc6 15. Qg4 h5 16. Qxh5 Bxg2 17. Kxg2 Bf6 18. Rfd1 Rd7 19. Qf3 Qb8 20. Rd2 cxd4 21. Rad1 e5 22. exd4 exd4 23. Bxd4 Bxd4 24. Rxd4 Rxd4 25. Rxd4 Rd8 26. Rc4 a5 27. h4 b5 28. Rc5 Qb6 29. Rf5 Rd7 30. Re5 a4 31. Re8+ Kh7 1-0

[Event "Corsico FIDE"]
[Site "Corsico"]
[Date "2007.10.06"]
[Round "2"]
[White "Vancini, Edoardo"]
[Black "Pace, Pietro Dario"]
[Result "0-1"]
[WhiteElo "2290"]
[BlackElo "2190"]
[PlyCount "122"]
[EventDate "2007.10.06"]
[EventType "swiss"]
[EventRounds "7"]
[EventCountry "ITA"]
[SourceTitle "CBM 120 Extra"]
[Source "ChessBase"]
[SourceDate "2007.11.01"]
[SourceVersion "1"]
[SourceVersionDate "2007.11.01"]
[SourceQuality "1"]

1. d4 d5 2. Nf3 Nf6 3. e3 c5 4. c3 e6 5. Bd3 Nc6 6. Nbd2 Bd6 7. 0-0 0-0 8. dxc5 Bxc5 9. e4 dxe4 10. Nxe4 Nxe4 11. Bxe4 Bd7 12. Bxh7+ Kxh7 13. Ng5+ Kg6 14. h4 f5 15. h5+ Kf6 16. Qf3 Ke7 17. Qg3 Bd6 18. Qh4 Rf6 19. Nh7 Qh8 20. Nxf6 gxf6 21. Be3 Rg8 22. Rad1 Qg7 23. Qh3 f4 24. h6 Qg5 25. h7 Rh8 26. Bc1 Ne5 27. Rd4 Nf7 28. Qd3 Bc6 29. f3 Bc5 30. b4 Bxd4+ 31. Qxd4 Rxh7 32. b5 Qxb5 33. Ba3+ Ke8 34. Qxf6 Nd8 35. Rd1 Bd5 36. Qf8+ Kd7 37. Qd6+ Kc8 38. c4 Qa4 39. Rd4 Rd7 40. Qc5+ Bc6 41. Rxd7 Kxd7 42. Qd4+ Bd5 43. Bc5 Qxc4 44. Qg7+ Kc8 45. Bxa7 Qxa2 46. Bd4 Qe2 47. Be5 Qe1+ 48. Kh2 Qg3+ 49. Qxg3 fxg3+ 50. Kxg3 Nc6 51. Bb2 Kd7 52. Kf4 Ke7 53. g4 b5 54. Ke3 Ba2 55. f4 Bb1 56. Ba3+ b4 57. Bb2 Kd6 58. Ba1 Kd5 59. Bb2 Na5 60. Bf6 Nc4+ 61. Ke2 Be4 0-1

[Event "Bratto op-A 27th"]
[Site "Bratto"]
[Date "2007.08.28"]
[Round "6"]
[White "Vancini, Edoardo"]
[Black "D'Apa, Matteo"]
[Result "1-0"]
[WhiteElo "2308"]
[BlackElo "2055"]
[PlyCount "73"]
[EventDate "2007.08.23"]
[EventType "swiss"]
[EventRounds "9"]
[EventCountry "ITA"]
[SourceTitle "CBM 120 Extra"]
[Source "ChessBase"]
[SourceDate "2007.11.01"]
[SourceVersion "1"]
[SourceVersionDate "2007.11.01"]
[SourceQuality "1"]

1. c4 e5 2. Nc3 Nf6 3. Nf3 Nc6 4. a3 a5 5. e3 d6 6. d4 Bg4 7. Be2 Be7 8. d5 Nb8 9. c5 Bxf3 10. Bxf3 dxc5 11. Qb3 Ra6 12. Be2 Rb6 13. Qa4+ c6 14. e4 0-0 15. Qxa5 cxd5 16. exd5 Rd6 17. Qa7 Nxd5 18. Qxb7 Nxc3 19. bxc3 f5 20. Rb1 Kh8 21. 0-0 Nd7 22. Qb3 Nf6 23. Be3 Ne4 24. Rbd1 Nd2 25. Bxd2 Rxd2 26. Qe6 Qd6 27. Qc4 Rd8 28. Rxd2 Qxd2 29. a4 e4 30. a5 Bf6 31. a6 Bxc3 32. Rd1 Qxd1+ 33. Bxd1 Rxd1+ 34. Qf1 Rd8 35. g3 g5 36. Qc4 Bb4 37. a7 1-0

[Event "Bratto op-A 27th"]
[Site "Bratto"]
[Date "2007.08.24"]
[Round "2"]
[White "Vancini, Edoardo"]
[Black "Castrogiovanni, Carlo"]
[Result "1-0"]
[WhiteElo "2308"]
[BlackElo "2086"]
[PlyCount "31"]
[EventDate "2007.08.23"]
[EventType "swiss"]
[EventRounds "9"]
[EventCountry "ITA"]
[SourceTitle "CBM 120 Extra"]
[Source "ChessBase"]
[SourceDate "2007.11.01"]
[SourceVersion "1"]
[SourceVersionDate "2007.11.01"]
[SourceQuality "1"]

1. d4 Nf6 2. Bg5 Ne4 3. Bf4 c5 4. f3 Qa5+ 5. c3 Nf6 6. d5 Qb6 7. Bc1 e6 8. c4 exd5 9. cxd5 c4 10. e3 Bc5 11. Kf2 Qa6 12. Nc3 0-0 13. Qa4 Qb6 14. Bxc4 Bxe3+ 15. Bxe3 Qxb2+ 16. Nge2 1-0

[Event "Corsico 35th"]
[Site "Corsico"]
[Date "2006.10.15"]
[Round "6"]
[White "Vancini, Edoardo"]
[Black "Massironi, Marco"]
[Result "1/2-1/2"]
[WhiteElo "2296"]
[BlackElo "2193"]
[PlyCount "117"]
[EventDate "2006.10.07"]
[EventType "tourn"]
[EventRounds "7"]
[EventCountry "ITA"]
[SourceTitle "EXT 2024"]
[Source "ChessBase"]
[SourceDate "2023.10.10"]
[SourceVersion "1"]
[SourceVersionDate "2023.10.10"]
[SourceQuality "1"]

1. d4 Nf6 2. Bg5 e6 3. e4 c5 4. e5 h6 5. Bc1 Nd5 6. c4 Nb4 7. d5 d6 8. a3 N4a6 9. exd6 Bxd6 10. Be2 exd5 11. cxd5 Nc7 12. Bf3 0-0 13. Ne2 Nd7 14. 0-0 Nf6 15. Nbc3 Be5 16. Bf4 Bxf4 17. Nxf4 Qd6 18. g3 Bf5 19. Qd2 Ne6 20. Nfe2 Ng5 21. Bg2 Rfe8 22. Rad1 Rad8 23. h4 Nge4 24. Qc1 Qd7 25. Nf4 b6 26. Rfe1 Nd6 27. Rxe8+ Rxe8 28. Nd3 Re7 29. Bf3 Bg4 30. Qf4 Bxf3 31. Qxf3 Nf5 32. Nf4 Nd4 33. Qd3 Qg4 34. Kg2 Nf5 35. Rh1 Nd7 36. d6 Re8 37. Nce2 Ne5 38. Qc3 Nxd6 39. Re1 Ne4 40. Qe3 Nf6 41. Qc3 Qd7 42. Ng1 Qc6+ 43. f3 Ned7 44. Rxe8+ Nxe8 45. Nge2 Nef6 46. Nd4 Qd6 47. Nf5 Qe5 48. Qxe5 Nxe5 49. Kf2 Kf8 50. Ke2 g6 51. Nxh6 Kg7 52. Ng4 Nexg4 53. fxg4 Nxg4 54. Nd5 Ne5 55. b4 Nc4 56. bxc5 bxc5 57. a4 Nb6 58. Nc3 a5 59. Ke3 1/2-1/2

[Event "Bratto op 26th"]
[Site "Bratto"]
[Date "2006.08.26"]
[Round "8"]
[White "Vancini, Edoardo"]
[Black "Bresciani, Nicola"]
[Result "1-0"]
[WhiteElo "2250"]
[BlackElo "2290"]
[PlyCount "81"]
[EventDate "2006.08.19"]
[EventType "swiss"]
[EventRounds "9"]
[EventCountry "ITA"]
[SourceTitle "CBM 113 Extra"]
[Source "ChessBase"]
[SourceDate "2006.09.14"]
[SourceVersion "1"]
[SourceVersionDate "2006.09.14"]
[SourceQuality "1"]

1. d4 Nf6 2. Bg5 e6 3. e4 h6 4. Bxf6 Qxf6 5. c3 d6 6. Bd3 Nd7 7. Ne2 e5 8. 0-0 g6 9. f4 Qe7 10. fxe5 dxe5 11. Bc4 f6 12. Qe1 Nb6 13. Bb3 Bd7 14. Qg3 0-0-0 15. Qxg6 f5 16. exf5 exd4 17. Nxd4 Qe3+ 18. Kh1 Bd6 19. a4 Qe5 20. Qh5 c5 21. a5 Nd5 22. Nf3 Qe2 23. Re1 Qxb2 24. Nbd2 Nf4 25. Qf7 Qxc3 26. Ne4 Qb2 27. Nxd6+ Kb8 28. Ra2 Qc3 29. Qc4 Qxc4 30. Bxc4 Rdf8 31. Rb2 Bc6 32. Nxb7 Ka8 33. a6 Rxf5 34. Na5 Bd5 35. Bxd5+ Rxd5 36. Reb1 Rd6 37. Ne5 Rxa6 38. Nec6 Rb6 39. Rxb6 axb6 40. Rxb6 Re8 41. Ra6# 1-0

[Event "Bratto op 26th"]
[Site "Bratto"]
[Date "2006.08.25"]
[Round "7"]
[White "Shytaj, Luca"]
[Black "Vancini, Edoardo"]
[Result "1-0"]
[WhiteElo "2433"]
[BlackElo "2250"]
[PlyCount "79"]
[EventDate "2006.08.19"]
[EventType "swiss"]
[EventRounds "9"]
[EventCountry "ITA"]
[SourceTitle "CBM 113 Extra"]
[Source "ChessBase"]
[SourceDate "2006.09.14"]
[SourceVersion "1"]
[SourceVersionDate "2006.09.14"]
[SourceQuality "1"]

1. e4 g6 2. d4 Bg7 3. Nc3 c6 4. Bc4 d6 5. Qf3 e6 6. Nge2 b5 7. Bb3 a5 8. a4 b4 9. Nd1 d5 10. 0-0 Ne7 11. c3 Na6 12. Bg5 0-0 13. e5 h6 14. Bh4 c5 15. Ne3 bxc3 16. bxc3 cxd4 17. cxd4 Nb4 18. Nc3 g5 19. Bg3 Nec6 20. Nb5 Ba6 21. Rfd1 Qb6 22. Qg4 Bxb5 23. axb5 Na7 24. h4 f5 25. exf6 Bxf6 26. Qh5 Nxb5 27. Qg6+ Kh8 28. Qxh6+ Kg8 29. Qg6+ Kh8 30. Ng4 Bg7 31. Be5 Ra7 32. Nf6 Rxf6 33. Bxf6 Nc3 34. Re1 a4 35. Qe8+ Kh7 36. Rxe6 Ne2+ 37. Kh1 axb3 38. Qh5+ Bh6 39. Rxb6 Rxa1+ 40. Kh2 1-0